| Tag |
First Indicator |
Second Indicator |
Subfields |
| LEADER |
00000cas a2200000 a 4500 |
| 001 |
in00001997656 |
| 005 |
20211202185137.0 |
| 006 |
m d f |
| 007 |
cr mn- |
| 008 |
040803c20039999dcuuu sr f0 0eng c |
| 010 |
|
|
|a 2004231888
|
| 035 |
|
|
|a (OCoLC)ocm56078490
|
| 037 |
|
|
|b Paper version available from: Eastern Area Distribution Center, P.O. Box 85074, Richmond, VA 23261-5074
|
| 040 |
|
|
|a GPO
|c GPO
|d DLC
|d MvI
|d UtOrBLW
|
| 042 |
|
|
|a lcd
|
| 043 |
|
|
|a n-us---
|
| 049 |
|
|
|a WWW
|
| 074 |
|
|
|a 0964-B (online)
|
| 086 |
0 |
|
|a T 22.44/2:4072
|
| 088 |
|
|
|a 34655R
|
| 130 |
0 |
|
|a Business e-file providers (Online)
|
| 245 |
1 |
0 |
|a Business e-file providers.
|
| 264 |
|
1 |
|a [Washington, D.C.?] :
|b Dept. of the Treasury, Internal Revenue Service,
|c [2003]-
|
| 336 |
|
|
|a text
|b txt
|2 rdacontent
|
| 337 |
|
|
|a computer
|b c
|2 rdamedia
|
| 338 |
|
|
|a online resource
|b cr
|2 rdacarrier
|
| 362 |
0 |
|
|a 10-2003-
|
| 490 |
1 |
|
|a Publication ;
|v 4072
|
| 538 |
|
|
|a Mode of access: Internet at the IRS web site. Address of latest issue as of 8/2/04: http://www.irs.gov/pub/irs-pdf/p4072.pdf; current access available via PURL.
|
| 500 |
|
|
|a "www.irs.gov/efile."
|
| 500 |
|
|
|a "Catalog Number 34655R."
|
| 500 |
|
|
|a Title from title screen (viewed on Aug. 2, 2004).
|
| 530 |
|
|
|a Online version of the print publication.
|
| 500 |
|
|
|a Electronic resource.
|
| 650 |
|
0 |
|a Electronic filing of tax returns
|z United States
|v Directories.
|
| 650 |
|
0 |
|a Electronic funds transfers
|z United States
|v Directories.
|
| 650 |
|
0 |
|a Tax returns
|z United States
|v Periodicals.
|
| 710 |
1 |
|
|a United States.
|b Internal Revenue Service.
|
| 830 |
|
0 |
|a Publication (United States. Internal Revenue Service) ;
|v 4072.
|
| 856 |
4 |
0 |
|3 Latest issue only
|u https://purl.fdlp.gov/GPO/LPS52481
|t 0
|
| 999 |
|
|
|a MARS
|
| 999 |
f |
f |
|s 1b33772a-60d5-3c74-9bdf-06683b80d036
|i 83ab5f1b-d46c-3374-a9a1-71e295bbe64b
|t 0
|
| 952 |
f |
f |
|a Texas A&M University
|b College Station
|c Electronic Resources
|d Available Online
|t 0
|e T 22.44/2:4072
|h Superintendent of Documents classification
|
| 998 |
f |
f |
|a T 22.44/2:4072
|t 0
|l Available Online
|